|
|
|
|
| LEADER |
00000nas a2200000 i 4500 |
| 001 |
ssj0001596078 |
| 003 |
WaSeSS |
| 005 |
20200512172242.0 |
| 006 |
m d |
| 007 |
cr n |
| 008 |
140709c20149999nz uu p s 0 0eng c |
| 010 |
|
|
|a 2015257079
|
| 016 |
7 |
|
|a 101674775
|2 DNLM
|
| 022 |
|
|
|a 2253-5969
|l 2253-5969
|
| 035 |
|
|
|a (WaSeSS)ssj0001596078
|
| 040 |
|
|
|a AU@
|b eng
|e pn
|c AU@
|d CUS
|d CUI
|d OCLCF
|d INU
|d NLM
|d OCLCQ
|d OCLCO
|d OCLCA
|d U3W
|d WaSeSS
|
| 042 |
|
|
|a pcc
|
| 050 |
1 |
4 |
|a RC280.L5
|
| 060 |
1 |
0 |
|a W1
|
| 210 |
0 |
|
|a J. hepatocell. carcinoma
|
| 222 |
|
0 |
|a Journal of hepatocellular carcinoma
|
| 245 |
0 |
0 |
|a Journal of hepatocellular carcinoma
|h [electronic resource].
|
| 260 |
|
|
|a [Auckland, New Zealand] :
|b Dove Press,
|c [2014]-
|
| 362 |
1 |
|
|a Began with volume 1 (2014).
|
| 506 |
|
|
|a License restrictions may limit access.
|
| 515 |
|
|
|a Articles are published individually and collected into annual volumes.
|
| 588 |
|
|
|a Description based on: Volume 1 (2014); title from journal home page (publisher's Web site, viewed Dec. 30, 2015).
|
| 588 |
|
|
|a Latest issue consulted: 2016:3 (viewed Feb. 10, 2016).
|
| 650 |
|
0 |
|a Liver
|x Cancer
|v Periodicals.
|
| 650 |
1 |
2 |
|a Liver Neoplasms.
|
| 650 |
|
7 |
|a Liver
|x Cancer.
|2 fast
|0 (OCoLC)fst01000624
|
| 655 |
|
0 |
|a Electronic journals.
|
| 856 |
4 |
0 |
|z Full text available from Research Library: 01/01/2014 to present
|u https://search.proquest.com/publication/3933409
|